| 000 | 01080nam#a22002655a#4500 | ||
|---|---|---|---|
| 001 | 730 | ||
| 008 | 080710s2007####ag#a###d######001#1dspa#d | ||
| 245 | 1 | 0 |
_aPrácticas de lectura y escritura : _bCuaderno de trabajo para los alumnos. / _cMinisterio de Educación, Ciencia y Tecnología. _pSociedad, Ciencia y Cultura Contemporánea. |
| 250 | _a1ª ed. | ||
| 260 |
_aBuenos Aires : _bEudeba, _c2007. |
||
| 300 |
_a126 p. : _bil., map., fot. ; _c27 cm. |
||
| 490 | 0 | _aa : alumnos | |
| 500 | _aApoyo al último año del nivel medio / polimodal para la articulación con el nivel superior. | ||
| 505 | 0 |
_tDe Plantón a Matrix: una indagación sobre los conocimientos y la realidad. _rFernanda Cano |
|
| 505 | 0 |
_tLa verdad y las formas jurídicas _rMichel Foucult |
|
| 505 | 0 |
_tAcerca de las razones para hacer divulgación científica _rHéctor Palma |
|
| 110 | 2 | _aMinisterio de Educación, Ciencia y Tecnología. | |
| 080 | _a82 | ||
| 084 | _aP84 | ||
| 653 | _aLiteratura científica | ||
| 040 |
_aAR-ClEAG _cAR-ClEAG |
||
| 005 | 20241107184645.0 | ||
| 003 | AR-ClEAG | ||
| 942 | _cBK | ||
| 999 |
_c730 _d730 |
||
| 980 |
_62 _aEvangelina Gallicchio _82 _gEvangelina Gallicchio |
||